| 000 | 00464 a2200169 4500 | ||
|---|---|---|---|
| 999 |
_c4756 _d4756 |
||
| 020 | _a1868884023 | ||
| 050 | 0 | 0 | _aPL 8641 CHI 2006 |
| 100 | 1 |
_aChirere, Memory _eauthor |
|
| 245 | 1 | 0 |
_aSomewhere in this country : _bshort stories / _cMemory Chirere |
| 264 |
_aPretoria: _bUniversity of South Africa Press, _c2006 |
||
| 300 | _a93p. ; | ||
| 500 | _aNo index | ||
| 650 | _anovel | ||
| 651 | 0 | _aZimbabwe | |
| 651 | 0 | _aAfrica, Southern | |
| 942 |
_2lcc _cBK _h8641 _iCHI _kPL |
||